[Event "Bratislava exe op 2nd"]
[Site "Bratislava"]
[Date "2024.09.22"]
[Round "9"]
[White "Goga, Frantisek"]
[Black "Kulpa, Zuzanna"]
[Result "0-1"]
[WhiteElo "1853"]
[BlackElo "1958"]
[PlyCount "112"]
[EventDate "2024.09.14"]
[EventType "swiss"]
[EventRounds "9"]
[EventCountry "SVK"]
[SourceTitle "EXT 2025"]
[Source "ChessBase"]
[SourceDate "2024.10.14"]
[SourceVersion "1"]
[SourceVersionDate "2024.10.14"]
[SourceQuality "1"]

1. e4 c5 2. d4 cxd4 3. c3 dxc3 4. Nxc3 Nc6 5. Nf3 d6 6. Bc4 a6 7. 0-0 Nf6 8. Qe2 Bg4 9. Rd1 e6 10. h3 Bxf3 11. Qxf3 Qc7 12. Bb3 Be7 13. Bf4 Rd8 14. Rac1 Qb8 15. Na4 0-0 16. Nb6 Nd7 17. Nxd7 Rxd7 18. Qg4 Rfd8 19. Rd3 Bf6 20. Qe2 Nd4 21. Qh5 g6 22. Qd1 Rc8 23. Rxc8+ Qxc8 24. Rc3 Qd8 25. Rd3 Nxb3 26. Rxb3 e5 27. Be3 d5 28. Bb6 dxe4 29. Qe2 Rd1+ 30. Kh2 Qd5 31. Be3 Rd3 32. Rb6 Bd8 33. Rb4 a5 34. Ra4 b5 35. Ra3 b4 36. Ra4 f5 37. Bh6 f4 38. Qg4 Qd7 39. Qxd7 Rxd7 40. a3 g5 41. axb4 Rd4 42. b3 Rxb4 43. Rxb4 axb4 44. h4 gxh4 45. g3 hxg3+ 46. fxg3 e3 47. Kg2 Bb6 48. Kf1 fxg3 49. Kg2 e2 50. Bd2 Bf2 51. Bxb4 e1Q 52. Bxe1 Bxe1 53. b4 Bxb4 54. Kxg3 Kf7 55. Kf3 h5 56. Ke4 Kf6 0-1

[Event "Bratislava exe op 2nd"]
[Site "Bratislava"]
[Date "2024.09.19"]
[Round "6"]
[White "Sokolovsky, Jakub"]
[Black "Goga, Frantisek"]
[Result "1-0"]
[WhiteElo "2053"]
[BlackElo "1853"]
[PlyCount "97"]
[EventDate "2024.09.14"]
[EventType "swiss"]
[EventRounds "9"]
[EventCountry "SVK"]
[SourceTitle "EXT 2025"]
[Source "ChessBase"]
[SourceDate "2024.10.14"]
[SourceVersion "1"]
[SourceVersionDate "2024.10.14"]
[SourceQuality "1"]

1. e4 c5 2. Nf3 d6 3. d4 cxd4 4. Nxd4 Nf6 5. Nc3 a6 6. Bg5 e6 7. f4 Be7 8. Qf3 Qc7 9. 0-0-0 Nc6 10. Nxc6 Qxc6 11. Qg3 h6 12. Bxf6 Bxf6 13. e5 dxe5 14. fxe5 Bg5+ 15. Kb1 g6 16. Bd3 Bd7 17. h4 Be7 18. Be4 Qc7 19. Bxg6 0-0-0 20. Bxf7 Rdf8 21. Rhf1 Kb8 22. Bg6 Rxf1 23. Rxf1 Qc4 24. Qf4 Qc7 25. Rd1 Bc6 26. Be4 Rf8 27. Qxh6 Bxe4 28. Nxe4 Qxe5 29. Qh7 Rf4 30. Qxe7 Rxe4 31. a3 Re1 32. Rxe1 Qxe1+ 33. Ka2 Qe4 34. Qd6+ Ka8 35. Qf8+ Ka7 36. Qc5+ Kb8 37. c3 Qxh4 38. Qd6+ Ka8 39. Qxe6 Qg3 40. Qd5 Ka7 41. Qf3 Qg8+ 42. Ka1 Qe8 43. g4 Qe1+ 44. Ka2 Qe6+ 45. Kb1 a5 46. Qf5 Qe1+ 47. Ka2 b6 48. g5 Qh4 49. Qf7+ 1-0

[Event "Piestany Slovakia op-B"]
[Site "Piestany"]
[Date "2022.07.13"]
[Round "3"]
[White "Fizerova, Lucie"]
[Black "Goga, Frantisek"]
[Result "0-1"]
[WhiteElo "1651"]
[BlackElo "1883"]
[PlyCount "88"]
[EventDate "2022.07.11"]
[EventType "swiss"]
[EventRounds "9"]
[EventCountry "SVK"]
[SourceTitle "CBM 209 Extra"]
[Source "ChessBase"]
[SourceDate "2022.09.30"]
[SourceVersion "1"]
[SourceVersionDate "2022.09.30"]
[SourceQuality "1"]

1. e4 c5 2. Nf3 d6 3. d4 cxd4 4. Nxd4 Nf6 5. Nc3 a6 6. Bd3 e5 7. Nde2 Be6 8. Ng3 Nbd7 9. 0-0 Qc7 10. Kh1 Be7 11. a3 h5 12. f4 h4 13. Nge2 h3 14. g3 Bg4 15. Be3 Nc5 16. Nd5 Nxd5 17. exd5 e4 18. Bc4 Na4 19. Qd4 Bf3+ 20. Rxf3 exf3 21. Bb3 Bf6 22. Qe4+ Qe7 23. Qxf3 Nc5 24. Bxc5 dxc5 25. Ba4+ Kf8 26. Rd1 Rd8 27. c4 Bxb2 28. Rb1 Bd4 29. Rd1 Qe3 30. Nxd4 cxd4 31. Qxe3 dxe3 32. Re1 g6 33. Rxe3 b5 34. Bb3 bxc4 35. Bxc4 Rc8 36. Re4 f5 37. Rd4 Ke7 38. Kg1 Kd6 39. Bxa6 Ra8 40. Bb7 Rxa3 41. Rd2 Rb8 42. Bc6 Rb1+ 43. Kf2 Rh1 44. Rd4 Rxh2+ 0-1

[Event "Liptovsky Jan op"]
[Site "Liptovsky Jan"]
[Date "2022.06.26"]
[Round "6"]
[White "Goga, Frantisek"]
[Black "Mrkvik, Jan"]
[Result "0-1"]
[WhiteElo "1885"]
[BlackElo "1802"]
[PlyCount "54"]
[EventDate "2022.06.23"]
[EventType "swiss"]
[EventRounds "7"]
[EventCountry "SVK"]
[SourceTitle "CBM 209 Extra"]
[Source "ChessBase"]
[SourceDate "2022.09.30"]
[SourceVersion "1"]
[SourceVersionDate "2022.09.30"]
[SourceQuality "1"]

1. e4 c6 2. d4 d5 3. e5 Bf5 4. Ne2 e6 5. Ng3 Bg6 6. h4 h6 7. h5 Bh7 8. Bd3 Bxd3 9. cxd3 c5 10. dxc5 d4 11. Ne4 Qd5 12. Qb3 Bxc5 13. Nxc5 Qxc5 14. 0-0 Nc6 15. Qxb7 Rb8 16. Qc7 Nge7 17. Nd2 Qxe5 18. Qxe5 Nxe5 19. Nb3 Nxd3 20. Nxd4 0-0 21. b3 e5 22. Ba3 exd4 23. Rad1 Nb4 24. Rxd4 a5 25. Rd7 Nec6 26. Rc1 Rfd8 27. Rc7 Nd4 0-1

[Event "SVK-ch Seniors 65"]
[Site "Tatranske Matliare"]
[Date "2021.06.22"]
[Round "4"]
[White "Vrabec, Milos"]
[Black "Goga, Frantisek"]
[Result "1-0"]
[WhiteElo "2097"]
[BlackElo "1855"]
[PlyCount "33"]
[EventDate "2021.06.20"]
[EventType "swiss"]
[EventRounds "9"]
[EventCountry "SVK"]
[SourceTitle "EXT 2022"]
[Source "ChessBase"]
[SourceDate "2021.10.06"]
[SourceVersion "1"]
[SourceVersionDate "2021.10.06"]
[SourceQuality "1"]

1. c4 Nf6 2. Nf3 g6 3. Nc3 Bg7 4. d4 0-0 5. g3 d6 6. Bg2 c5 7. 0-0 Nc6 8. d5 Na5 9. Nd2 a6 10. a4 Rb8 11. e4 Ng4 12. h3 Ne5 13. Qe2 Qb6 14. f4 Nd7 15. Ra3 Qb4 16. Kh1 Nb6 17. Na2 1-0

[Event "Tatry op"]
[Site "Tatranska Lomnica"]
[Date "2017.10.08"]
[Round "1"]
[White "Goga, Frantisek"]
[Black "Michalicka, Milan"]
[Result "0-1"]
[WhiteElo "1964"]
[BlackElo "2158"]
[PlyCount "92"]
[EventDate "2017.10.08"]
[EventType "swiss"]
[EventRounds "9"]
[EventCountry "SVK"]
[SourceTitle "CBM 181 Extra"]
[Source "ChessBase"]
[SourceDate "2017.12.12"]
[SourceVersion "1"]
[SourceVersionDate "2017.12.12"]
[SourceQuality "1"]

1. e4 c5 2. Nf3 g6 3. c3 Bg7 4. g3 Nc6 5. Bg2 Nf6 6. Qc2 d5 7. d3 0-0 8. 0-0 b6 9. Re1 Qc7 10. Na3 Ba6 11. e5 Ng4 12. Bf4 e6 13. d4 Nh6 14. b4 Nd8 15. b5 Bb7 16. Qd2 Nf5 17. Nc2 Rc8 18. g4 Ne7 19. Rac1 Qd7 20. a4 a6 21. Bf1 Ra8 22. Ra1 Bc8 23. Reb1 Qc7 24. dxc5 bxc5 25. b6 Qc6 26. Bg5 f6 27. exf6 Bxf6 28. Bxf6 Rxf6 29. Ne5 Qd6 30. Nc4 Qf4 31. Qxf4 Rxf4 32. N4e3 d4 33. cxd4 cxd4 34. Rb4 Nec6 35. Rc4 Ne5 36. Bg2 Nxc4 37. Bxa8 dxe3 38. Nxe3 Nxb6 39. Rd1 Nf7 40. Bc6 Nxa4 41. Ra1 Nc3 42. Rf1 Ne5 43. Rc1 Nxc6 44. Rxc3 Bb7 45. h3 a5 46. Nc4 Ba6 0-1

[Event "SVK-ch Seniors 65"]
[Site "Tatranske Matliare"]
[Date "2017.06.03"]
[Round "9"]
[White "Goga, Frantisek"]
[Black "Fiala, Ivan"]
[Result "1-0"]
[WhiteElo "1962"]
[BlackElo "1754"]
[PlyCount "54"]
[EventDate "2017.05.27"]
[EventType "swiss"]
[EventRounds "9"]
[EventCountry "SVK"]
[SourceTitle "EXT 2023"]
[Source "ChessBase"]
[SourceDate "2022.10.05"]
[SourceVersion "1"]
[SourceVersionDate "2022.10.05"]
[SourceQuality "1"]

1. e4 c5 2. d4 cxd4 3. c3 dxc3 4. Nxc3 Nc6 5. Bc4 e6 6. Nf3 a6 7. 0-0 b5 8. Bb3 Bb7 9. Bf4 Bb4 10. Rc1 Rc8 11. a3 Bxc3 12. Rxc3 Na5 13. Rxc8 Qxc8 14. Ba2 Ne7 15. Bb1 Nac6 16. Qd6 0-0 17. Rc1 Rd8 18. Qd3 g6 19. Bg5 Qb8 20. Qc3 d6 21. Qf6 Kf8 22. Rxc6 Ng8 23. Qc3 Rc8 24. Rxc8+ Qxc8 25. Qh8 b4 26. h4 Qe8 27. Bf6 Bc6 1-0

[Event "SVK-ch Seniors 65"]
[Site "Tatranske Matliare"]
[Date "2017.05.28"]
[Round "3"]
[White "Ruckschloss, Karol"]
[Black "Goga, Frantisek"]
[Result "1-0"]
[WhiteElo "2249"]
[BlackElo "1962"]
[PlyCount "51"]
[EventDate "2017.05.27"]
[EventType "swiss"]
[EventRounds "9"]
[EventCountry "SVK"]
[SourceTitle "EXT 2023"]
[Source "ChessBase"]
[SourceDate "2022.10.05"]
[SourceVersion "1"]
[SourceVersionDate "2022.10.05"]
[SourceQuality "1"]

1. c4 Nf6 2. d4 g6 3. Nc3 Bg7 4. e4 d6 5. Be2 0-0 6. g4 h6 7. h4 Ne8 8. f4 Nc6 9. Be3 e5 10. dxe5 dxe5 11. Qxd8 Nxd8 12. f5 gxf5 13. gxf5 b6 14. Nf3 Bb7 15. c5 Nc6 16. Nd5 Nd4 17. Bxd4 Bxd5 18. Nxe5 Bxe4 19. Rg1 Bxf5 20. 0-0-0 Kh7 21. Rdf1 Be6 22. Bd3+ f5 23. Nc6 Rf7 24. Bxg7 Nxg7 25. Nd4 Raf8 26. Rxg7+ 1-0

[Event "Wch Seniors 65 26th"]
[Site "Marianske Lazne"]
[Date "2016.11.27"]
[Round "8"]
[White "Goga, Frantisek"]
[Black "Lacha, Jan"]
[Result "1/2-1/2"]
[WhiteElo "2014"]
[BlackElo "1796"]
[PlyCount "89"]
[EventDate "2016.11.19"]
[EventType "swiss"]
[EventRounds "11"]
[EventCountry "CZE"]
[SourceTitle "CBM 175 Extra"]
[Source "ChessBase"]
[SourceDate "2016.12.12"]
[SourceVersion "1"]
[SourceVersionDate "2016.12.12"]
[SourceQuality "1"]

1. e4 d5 2. exd5 Qxd5 3. Nc3 Qd6 4. Nf3 Nf6 5. d4 a6 6. Bd3 Nc6 7. h3 Nb4 8. 0-0 Nxd3 9. Qxd3 Be6 10. Ng5 0-0-0 11. Nxe6 Qxe6 12. Bf4 Nd5 13. Bh2 Nxc3 14. bxc3 Qd7 15. Rab1 e6 16. Rb3 Bd6 17. Bxd6 Qxd6 18. Rfb1 b5 19. a4 c6 20. axb5 axb5 21. Qf3 Qd5 22. Qxf7 Rd7 23. Qf3 Qxf3 24. gxf3 Rf8 25. c4 Rxd4 26. cxb5 cxb5 27. Rxb5 Rxf3 28. Rb7 Rxh3 29. Rxg7 Rdh4 30. Rbb7 Rh1+ 31. Kg2 R1h2+ 32. Kf1 Rf4 33. Rbc7+ Kb8 34. Rce7 Rhxf2+ 35. Ke1 Rf8 36. Rb7+ Ka8 37. Ra7+ Kb8 38. Rgb7+ Kc8 39. Rxh7 Kb8 40. Rab7+ Ka8 41. c4 Ra2 42. c5 Rg8 43. Kf1 Rd8 44. Ke1 Rg8 45. Kf1 1/2-1/2

[Event "SVK-chT2A 1617"]
[Site "Slovakia"]
[Date "2016.11.05"]
[Round "3.5"]
[White "Goga, Frantisek"]
[Black "Arendas, Marek"]
[Result "1/2-1/2"]
[WhiteElo "2014"]
[BlackElo "2116"]
[PlyCount "47"]
[EventDate "2016.10.08"]
[EventType "team-tourn"]
[EventRounds "11"]
[EventCountry "SVK"]
[SourceTitle "CBM 175 Extra"]
[Source "ChessBase"]
[SourceDate "2016.12.12"]
[SourceVersion "1"]
[SourceVersionDate "2016.12.12"]
[SourceQuality "1"]
[WhiteTeam "Bratislava Doprastav II"]
[BlackTeam "Trnava Lokomotiva II"]
[WhiteTeamCountry "SVK"]
[BlackTeamCountry "SVK"]

1. e4 c5 2. Nf3 e6 3. b3 d5 4. exd5 exd5 5. Bb5+ Nc6 6. Qe2+ Qe7 7. Qxe7+ Bxe7 8. Nc3 Nf6 9. d4 a6 10. Bxc6+ bxc6 11. 0-0 Be6 12. dxc5 Bxc5 13. Na4 Bd6 14. Bb2 0-0 15. Nd4 Rac8 16. Nxe6 fxe6 17. Rfe1 Rfe8 18. Be5 Bxe5 19. Rxe5 Nd7 20. Re2 c5 21. Rae1 Kf7 22. Nb2 a5 23. f3 g5 24. Kf2 1/2-1/2

[Event "Tatry op"]
[Site "Tatranske Zruby"]
[Date "2016.09.26"]
[Round "4"]
[White "Sikora, Jan"]
[Black "Goga, Frantisek"]
[Result "1-0"]
[WhiteElo "2229"]
[BlackElo "1973"]
[PlyCount "89"]
[EventDate "2016.09.24"]
[EventType "swiss"]
[EventRounds "9"]
[EventCountry "SVK"]
[SourceTitle "CBM 174 Extra"]
[Source "ChessBase"]
[SourceDate "2016.10.10"]
[SourceVersion "1"]
[SourceVersionDate "2016.10.10"]
[SourceQuality "1"]

1. e4 c5 2. Nc3 Nc6 3. Nf3 g6 4. d4 cxd4 5. Nxd4 Bg7 6. Be3 d6 7. f3 a6 8. Qd2 Bd7 9. 0-0-0 Rc8 10. h4 h5 11. Nd5 Nf6 12. Nxc6 Rxc6 13. Bd4 e5 14. Nxf6+ Bxf6 15. Bf2 Be6 16. Kb1 Qc8 17. Be2 Be7 18. Be3 Bc4 19. Bxc4 Rxc4 20. b3 Rc6 21. c4 b5 22. cxb5 axb5 23. Qd5 Qa6 24. Rc1 Rxc1+ 25. Rxc1 0-0 26. Rc6 Qa5 27. Bd2 Qa7 28. Rc2 Bxh4 29. Qxb5 Qg1+ 30. Bc1 Bg5 31. Qe2 Bxc1 32. Rxc1 Qb6 33. Qd3 Ra8 34. Qd5 Ra5 35. Qc6 Qf2 36. Rc2 Qg1+ 37. Kb2 Qd4+ 38. Qc3 Qa7 39. a4 Rc5 40. Qd3 Rxc2+ 41. Qxc2 Qd4+ 42. Ka3 d5 43. exd5 Qxd5 44. b4 f5 45. Qb3 1-0

[Event "SVK-ch Seniors"]
[Site "Tatranske Matliare"]
[Date "2015.06.01"]
[Round "4"]
[White "Goc, Jan"]
[Black "Goga, Frantisek"]
[Result "1/2-1/2"]
[WhiteElo "1940"]
[BlackElo "2054"]
[PlyCount "36"]
[EventDate "2015.05.30"]
[EventType "swiss"]
[EventRounds "9"]
[EventCountry "SVK"]
[SourceTitle "EXT 2017"]
[Source "ChessBase"]
[SourceDate "2016.10.25"]
[SourceVersion "1"]
[SourceVersionDate "2016.10.25"]
[SourceQuality "1"]

1. f4 Nf6 2. e3 g6 3. b4 Bg7 4. Bb2 0-0 5. Nf3 d6 6. Be2 c5 7. b5 a6 8. 0-0 axb5 9. Bxb5 Qb6 10. a4 Bd7 11. c4 Nc6 12. Bc3 Rfd8 13. Na3 Bf5 14. Qe2 Nb4 15. Ne1 Bg4 16. Nf3 Bf5 17. Ne1 Bg4 18. Nf3 Bf5 1/2-1/2

[Event "SVK-chT2A 1415"]
[Site "Slovakia"]
[Date "2015.03.07"]
[Round "10.8"]
[White "Goga, Frantisek"]
[Black "Krist, Milan"]
[Result "1-0"]
[WhiteElo "1909"]
[BlackElo "1913"]
[PlyCount "73"]
[EventDate "2014.10.11"]
[EventType "team-tourn"]
[EventRounds "11"]
[EventCountry "SVK"]
[SourceTitle "EXT 2016"]
[Source "ChessBase"]
[SourceDate "2015.10.08"]
[SourceVersion "1"]
[SourceVersionDate "2015.10.08"]
[SourceQuality "1"]
[WhiteTeam "Bratislava Doprastav II"]
[BlackTeam "Trnava Lokomotiva II"]
[WhiteTeamCountry "SVK"]
[BlackTeamCountry "SVK"]

1. e4 c6 2. d4 d5 3. e5 Bf5 4. Nc3 e6 5. g4 Bg6 6. Nge2 h6 7. Bd2 Nd7 8. Nf4 c5 9. Nxg6 fxg6 10. Bd3 Ne7 11. Nb5 Qb6 12. Nd6+ Kd8 13. Nf7+ Kc7 14. Nxh8 cxd4 15. Nxg6 Nc5 16. Nxf8 Rxf8 17. 0-0 Nc6 18. Qe2 Kc8 19. Bb5 Ne4 20. Bxc6 bxc6 21. Qd3 c5 22. b3 Qc7 23. Qa6+ Kb8 24. Ba5 Qd7 25. f3 Ng5 26. Qd6+ Qxd6 27. exd6 Kc8 28. Kg2 Kd7 29. Bc7 Nf7 30. Rae1 Nxd6 31. Bxd6 Kxd6 32. f4 Re8 33. Re2 a5 34. a4 Rg8 35. Rfe1 Re8 36. Re5 Kd7 37. f5 1-0

[Event "Bratislava Slovan op"]
[Site "Bratislava"]
[Date "2014.05.01"]
[Round "7"]
[White "Durica, Andrej"]
[Black "Goga, Frantisek"]
[Result "1-0"]
[WhiteElo "1888"]
[BlackElo "1922"]
[PlyCount "66"]
[EventDate "2014.04.26"]
[EventType "swiss"]
[EventRounds "9"]
[EventCountry "SVK"]
[SourceTitle "CBM 160 Extra"]
[Source "ChessBase"]
[SourceDate "2014.07.01"]
[SourceVersion "1"]
[SourceVersionDate "2014.07.01"]
[SourceQuality "1"]

1. e4 c5 2. d4 cxd4 3. c3 dxc3 4. Nxc3 Nc6 5. Nf3 e6 6. Bc4 d6 7. 0-0 Be7 8. Qe2 a6 9. Rd1 Qc7 10. Bf4 Ne5 11. Bxe5 dxe5 12. Rac1 Nf6 13. Nb5 Qb8 14. Nc7+ Qxc7 15. Bb5+ Qd7 16. Bxd7+ Nxd7 17. Rc7 Bd8 18. Rc2 b5 19. Qd3 0-0 20. Rxc8 Rxc8 21. Qxd7 Bb6 22. Qd3 Rfd8 23. Qe2 Bd4 24. g4 Rd6 25. Nxd4 exd4 26. e5 Rd5 27. a4 h6 28. axb5 axb5 29. b3 Rc3 30. Rd3 b4 31. Qe4 Rxd3 32. Qxd3 f6 33. exf6 e5 1-0